000
00278nam a22001337a 4500
008
171027b xxu||||| |||| 00| 0 eng d
020
_a
9780470222775
041
_a
eng
080
_a
336
100
_a
56
101
_a
FIN
245
_a
L.O.U.S.A
_c
WIGGIN, A
942
_2
udc
_c
BK
999
_c
36181
_d
36181